L'usine et l'homme
保存先:
| 第一著者: | |
|---|---|
| フォーマット: | 図書 |
| 言語: | Undetermined |
| 出版事項: |
[ Paris ]
Plon
1967
|
| 主題: | |
| タグ: |
タグ追加
タグなし, このレコードへの初めてのタグを付けませんか!
|
| Thư viện lưu trữ: | Trung tâm Học liệu Trường Đại học Cần Thơ |
|---|
| LEADER | 00476nam a2200193Ia 4500 | ||
|---|---|---|---|
| 001 | CTU_83500 | ||
| 008 | 210402s9999 xx 000 0 und d | ||
| 082 | |a 331.8 | ||
| 082 | |b D726 | ||
| 100 | |a Douart, Georges | ||
| 245 | 0 | |a L'usine et l'homme | |
| 245 | 0 | |c Georges Douart | |
| 260 | |a [ Paris ] | ||
| 260 | |b Plon | ||
| 260 | |c 1967 | ||
| 650 | |a Labour union | ||
| 650 | |z France | ||
| 904 | |i QHieu(sửa) | ||
| 980 | |a Trung tâm Học liệu Trường Đại học Cần Thơ | ||